| 000 | 00663 a2200217 4500 | ||
|---|---|---|---|
| 999 |
_c9579 _d9579 |
||
| 022 | _a0038-2396 | ||
| 050 | _aKTL19 SOU 1998 | ||
| 100 |
_aFisher, David S. _eeditor |
||
| 245 |
_aSouth African law reports: _b1998 (4) December / |
||
| 264 |
_aCape Town: _bJuta & Company, _c1998. |
||
| 300 | _a1251p. : | ||
| 500 | _aSouth African Law Reports | ||
| 650 | _aLaw reports, digests, etc. -- South Africa | ||
| 651 | _aSouth Africa | ||
| 700 |
_aHanmer, Nita _eeditor |
||
| 700 |
_aPienaar, Gideon _eeditor |
||
| 700 |
_aEvans, James _eeditor |
||
| 700 |
_aVan Coller, Karlien _eeditor |
||
| 700 |
_aBedwell, Glenda _eeditor |
||
| 942 |
_2lcc _cSERIALS _h19 _iSOU _kKTL |
||